| 000 | 01695nam0a2200313 4500 | ||
|---|---|---|---|
| 001 | RU\NLR\BIBL_A\011938172 | ||
| 005 | 20230417113314.0 | ||
| 010 |
_a978-5-7782-3716-2 _9100 |
||
| 021 |
_aRU _bКН-П-19-000901 _9КН-П-19-0064 |
||
| 035 | _a(NLR Aleph) 011938172 | ||
| 035 | _a(RuMoRGB)009861299 | ||
| 090 |
_a11076712 _c11076712 |
||
| 100 | _a20190215d2018 u y0rusy50 ca | ||
| 101 | 0 | _arus | |
| 102 | _aRU | ||
| 105 | _aa zzzz000|1yy | ||
| 200 | 1 |
_aВыбор и принятие решений в электроэнергетике _eучебное пособие _fЮ. А. Секретарев, Я. В. Панова _gМинистерство науки и высшего образования Российской Федерации, Новосибирский государственный технический университет, [Факультет энергетики] |
|
| 210 |
_aНовосибирск _cИзд-во НГТУ _d2018 |
||
| 215 |
_a93, [1] с. _cил., табл. _d20 |
||
| 320 | _aБиблиогр.: с. 91-92 (18 назв.) | ||
| 606 | 1 |
_aЭлектроэнергетические системы _jУчебные издания для высших учебных заведений _xУправление _xПринятие решений _92395260 _3RU\NLR\AUTH\6601648270 |
|
| 686 | 1 | _aЗ27-05я73-1 | |
| 700 | 1 |
_7ca _8rus _aСекретарев _bЮ. А. _f1947- _gЮрий Анатольевич _9254957 _3RU\NLR\AUTH\770255013 |
|
| 701 | 1 |
_aПанова _bЯ. В. _gЯна Валерьевна |
|
| 942 | _cBOOK | ||
| 980 | _aNBR | ||
| 980 | _aNB | ||